Чертово логово: Роман

التفاصيل البيبلوغرافية
المؤلف الرئيسي: Кийк Х. Я. Хейно Яанович
مؤلفون آخرون: Томберг А. (переводчик), Оотсинг Э. (иллюстратор)
اللغة:الروسية
منشور في: Москва, Советский писатель, 1989
الموضوعات:
التنسيق: MixedMaterials كتاب
KOHA link:https://koha.lib.tpu.ru/cgi-bin/koha/opac-detail.pl?biblionumber=139919

MARC

LEADER 00000nam0a2200000 4500
001 139919
005 20231031141916.0
010 |a 5265008764 
020 |a RU  |b 89-80884 
035 |a (RuTPU)RU\TPU\book\151584 
090 |a 139919 
100 |a 20080616d1989 m y0rusy5003 ca 
101 1 |a rus  |c est 
102 |a RU 
105 |a c z 000ay 
200 1 |a Чертово логово  |e Роман  |f Х. Я. Кийк  |g сокр. пер. с эст. А. Томберг ; худож. Э. Оотсинг 
210 |a Москва  |c Советский писатель  |d 1989 
215 |a 488 с.  |c портр.  |d 20 см 
610 1 |a Коллективизация сельского хозяйства 
610 1 |a Крестьянство в Эстонии 
610 1 |a эстонская литература 
610 1 |a Эстония 
610 1 |a романы 
675 |a 894.5  |z rus 
700 1 |a Кийк  |b Х. Я.  |g Хейно Яанович  |4 070 
702 1 |a Томберг  |b А.  |4 730 
702 1 |a Оотсинг  |b Э.  |4 440 
801 0 |a RU  |b RuMRKP  |c 19950417  |g psbo 
801 1 |a RU  |b 63413507  |c 20080616  |g PSBO 
801 2 |a RU  |b 63413507  |c 20080616  |g PSBO 
942 |c BK